00920nam a22002057a 4500003000900000008004100009040007100050082002500121100002800146245006700174260003600241300003800277440003000315505025500345650001500600650001300615650001500628700003800643700003300681AR-CdUCM190328b ||||| |||| 00| 0 spa d aMUNICIPALIDAD PROVINCIAL DEL CUSCOcBIBLIOTECA MUNICIPAL DEL CUSCO a232.958 /bB39 /1944 aBellarmino, San Roberto aLibro de las siete palabras :bque Cristo habló en la Cruz / aBuenos Aires :bEmecé,c1944. a306 páginas ;bretrato,c17 cm. aBiblioteca del Peregrino. aContenido: En que se explica literalmente la primera palabra -- Del primer fruto que debemos sacar de la primera palabra -- De otro fruto de la misma palabra -- En que se declara literalmente la segunda palabra -- Del primer fruto de esta palabra ... aJesucristo aPalabras aReligión aAndrade, Alonso de (traducción) aVallejo, Antonio (prólogo)